| 000 | 00743cam a2200241 a 4500 | ||
|---|---|---|---|
| 001 | 16250837 | ||
| 005 | 20171222071646.0 | ||
| 008 | 100525s2011 maua f 000 0 eng | ||
| 010 | _a 2010929465 | ||
| 020 | _a9780312601539 (alk. paper) | ||
| 020 | _a9780312601591 (pbk.) | ||
| 040 |
_aDLC _cDLC _dDLC |
||
| 041 | _aeng | ||
| 042 | _apcc | ||
| 080 | _a808.0427 KEN | ||
| 082 | 0 | 0 |
_a808.0427 KEN _223 |
| 100 | _a46 | ||
| 101 | _aEDU | ||
| 245 | 0 | 4 |
_aThe Bedford guide for college writers with reader, research manual, and handbook / _c[edited by] X. J. Kennedy, Dorothy M. Kennedy, Marcia F. Muth. |
| 906 |
_a7 _bcbc _corignew _d2 _eepcn _f20 _gy-gencatlg |
||
| 942 |
_2ddc _cBK |
||
| 999 |
_c39336 _d39336 |
||